<?xml version="1.0" encoding="UTF-8"?>
<collection xmlns="http://www.loc.gov/MARC21/slim">
 <record>
  <leader>00815nam a2200229   4500</leader>
  <controlfield tag="001">000008604</controlfield>
  <controlfield tag="003">4794</controlfield>
  <controlfield tag="005">20150812140858.0</controlfield>
  <controlfield tag="008">111019s                               sd</controlfield>
  <datafield tag="100" ind1="0" ind2=" ">
   <subfield code="a">Nguyễn Đình Huề</subfield>
  </datafield>
  <datafield tag="245" ind1="0" ind2="0">
   <subfield code="a">Giáo trình hóa lí</subfield>
   <subfield code="c">Nguyễn Đình Huề</subfield>
  </datafield>
  <datafield tag="300" ind1=" " ind2=" ">
   <subfield code="a">2 tập</subfield>
  </datafield>
  <datafield tag="774" ind1=" " ind2=" ">
   <subfield code="a">Nguyễn Đình Huề</subfield>
   <subfield code="b">Tái bản lần thứ nhất</subfield>
   <subfield code="d">Giáo dục</subfield>
   <subfield code="d">H.</subfield>
   <subfield code="d">2000</subfield>
   <subfield code="g">T.1</subfield>
   <subfield code="h">152tr.</subfield>
   <subfield code="t">Cơ sở nhiệt động lực học</subfield>
   <subfield code="w">4797</subfield>
  </datafield>
  <datafield tag="774" ind1=" " ind2=" ">
   <subfield code="a">Nguyễn Đình Huề</subfield>
   <subfield code="b">Tái bản lần thứ nhất</subfield>
   <subfield code="d">Giáo dục</subfield>
   <subfield code="d">H.</subfield>
   <subfield code="d">2000</subfield>
   <subfield code="g">T.2</subfield>
   <subfield code="h">228tr.</subfield>
   <subfield code="t">Nhiệt động lực học hóa học</subfield>
   <subfield code="w">4836</subfield>
  </datafield>
  <datafield tag="OWN" ind1=" " ind2=" ">
   <subfield code="a">LSP</subfield>
  </datafield>
  <datafield tag="999" ind1=" " ind2=" ">
   <subfield code="a">From the UDN01</subfield>
  </datafield>
  <datafield tag="TYP" ind1=" " ind2=" ">
   <subfield code="a">Monograph</subfield>
  </datafield>
  <datafield tag="TYP" ind1=" " ind2=" ">
   <subfield code="a">Printed language</subfield>
  </datafield>
  <datafield tag="980" ind1=" " ind2=" ">
   <subfield code="a">Mạng thư viện Đại học Đà Nẵng</subfield>
  </datafield>
 </record>
</collection>
